000 00416nam a2200181Ia 4500
001 16640
005 20260306170324.0
008 260306t1996||||xx |||||||||||||| ||und||
041 _aESP
082 _a348.81
_b74
100 _aRené Ortiz Caballero
_eAUT
245 0 _aEl Derecho en la Sociedad Postmoderna
260 _c1996
300 _a
_c
650 _aGEN
654 _aCDE
942 _cLIB
_dJUS
_fJUS
_2ddc
_n
999 _c16640
_d16640